| 000 | 00925cam a22002054a 4500 | ||
|---|---|---|---|
| 005 | 20250605164139.0 | ||
| 008 | 250528s ||||||||||||||||||||||||d | ||
| 035 | _a18900 | ||
| 020 | _a58255019 | ||
| 040 |
_aGR-AtMCL _bgre _dGR-AtMCL _eAACR2 |
||
| 245 | 1 | _aEnglish for Nurses | |
| 260 |
_bLongman, _c1988 |
||
| 300 | _a140 | ||
| 520 | _aThis is a modern course in English for nurses and other hospital staff whose jobs require a working knowledge of the English of medical care. Where Do You Work?, Parts of the Body, Jane Johnson, Jane on the Wards, Sterile Procedures, Instruments, Disinfectants and Antiseptics, Casualty, The Ward Unit, Admissions, Arranged Admission, Observation of the Patient, The Skin, Respiration and the Cough and Sputum, Vomitus, Faces, Urine, Temperature, Pulse. | ||
| 700 | 1 |
_aAustin David _95183 |
|
| 700 | 1 |
_aCrosfield Tim _95184 |
|
| 942 | _cBK | ||
| 999 |
_c4204 _d4204 |
||